000 01485cam a2200337 i 4500
003 SA-RiAUC
005 20241223081118.0
008 241220s2012 su g b 00010 ara c
020 _a9786030076628
040 _aSA-MaUQU
_bara
_cSA-RiAUC.
_erda
043 _aa-su---
082 0 4 _a345.531
_qSA-RiAUC
090 _a345.531
_bص ب ا
100 1 _aالصبان، غازي بن حسين
_eمؤلف.
245 1 2 _aالجرائم والعقوبات البديلة عن الحبس /
_cتأليف غازي بن حسين الصبان.
250 _aالطبعة الأولى.
264 1 _aجدة، السعودية :
_bغازي بن حسين الصبان،
_c2012
300 _a155 صفحة ؛
_c25 سم.
336 _aنص
_btxt
_2rdacontent
_3كتاب
337 _aبدون وسيط
_bn
_2rdamedia
338 _aمجلد
_bnc
_2rdacarrier
490 0 _aسلسلة إصدارات مكتب المستشار غازي الصبان
500 _aإهداء من المؤلف غازي بن حسين الصبان.
504 _aيشتمل على إرجاعات ببليوجرافية.
650 7 _aقانون العقوبات
_zالسعودية
_2aucsh
650 7 _aالجريمة والمجرمون
_xقوانين وتشريعات
_zالسعودية
_2aucsh
650 7 _aالعقوبات (فقه إسلامي)
_2aucsh
942 _2ddc
_cBOOK
_n0
949 _aSA-JeALM
_d241220
_umohamedma123
_n1
999 _c3820
_d3820